La propiedad y los modos de adquirirla en Derecho Romano y en el Código Civil

Guardat en:
Dades bibliogràfiques
Autor principal: Ortega Carrillo de Albornoz, Antonio (autor)
Format: Llibre
Idioma:espanyol
Publicat: Granada, Chile IMPREDISUR 1991
Matèries:
Etiquetes: Afegir etiqueta
Sense etiquetes, Sigues el primer a etiquetar aquest registre!

MARC

LEADER 00000nam a2200000 a 4500
001 UCR1007
003 CL-VaPUC
005 20230602123653.0
008 971205e19910000SP |||||||||||||||||spa|d
999 |c 264502  |d 264500 
040 |c Pontificia Universidad Católica de Valparaíso 
082 0 4 |a 340.54 ORT 1991  |2 21 
100 |a Ortega Carrillo de Albornoz, Antonio  |e autor  |9 525870 
245 1 3 |a La propiedad y los modos de adquirirla en Derecho Romano y en el Código Civil 
260 0 3 |a Granada, Chile  |b IMPREDISUR  |c 1991 
300 |a 172 páginas 
583 |a last modification  |c 20160307 03:31:45  |k Rodrigo Vera 
650 0 |a Derecho romano  |9 255930 
650 0 |a Propiedad   |9 255268 
650 0 |a Derechos reales  |9 257708 
650 0 |a Obligaciones   |9 255578 
650 0 |a Condominio  |9 256711 
650 7 |a LIMITACIONES  |2 CL-VaPUC  |9 384501 
650 0 |a Defensa  |9 258306 
650 0 |a Adquisición de la propiedad   |9 258291 
650 0 |a Derechos reales  |9 257708 
650 7 |a DOMINIO  |2 CL-VaPUC  |9 258676 
650 0 |a Accesión  |9 258678 
650 0 |a Adquisición del dominio   |9 258677 
650 0 |a Derecho de propiedad  |9 256450 
942 |c BK  |2 ddc 
945 |d 19971205 00:00:00  |a aolguin 
952 |0 0  |1 0  |2 ddc  |4 0  |6 340_540000000000000_ORT_1991  |7 0  |8 DER_ROM  |9 294785  |a BIBDER  |b BIBDER  |d 2019-11-19  |i 1909630  |o 340.54 ORT 1991  |p 1909630  |r 2023-01-25  |t 1  |w 2019-11-19  |x Ubicación 4to piso  |y BK  |z Este recurso debe solicitarse con anticipación  |k DER